Revista de derecho procesal penal : la defensa penal. Tomo I /

Guardado en:
Formato: Libro
Idioma:Spanish
Publicado: Santa Fe : Rubinzal Culzoni, 2010.
Edición:1a. ed.
Materias:
Etiquetas: Agregar Etiqueta
Sin Etiquetas, Sea el primero en etiquetar este registro!
LEADER 00623nam a22001695a 4500
001 DER.der010394
008 180615s2010####ag#||||||||||||||#||spa||
005 20251031190805.0
245 1 0 |a Revista de derecho procesal penal :  |b la defensa penal.  |n Tomo I /  |c Edgardo Alberto Donna. 
250 |a 1a. ed. 
260 |a Santa Fe :  |b Rubinzal Culzoni,  |c 2010. 
300 |a 576 p. 
500 |a Incluye: Doctrina, Jurisprudencia, Jurisprudencia nacional, extranjera y anotada, Actualidad 
020 |a 9789873001208 
700 1 |a Donna, Edgardo Alberto,  |e dir. 
650 7 |a DERECHO PROCESAL PENAL 
859 |a DERECHO  |b BIB. DERECHO  |h 345.05  |i REV  |p 006442